000 00335nam a2200145Ia 4500
005 20251222152655.0
008 251222s9999||||xx |||||||||||||| ||spa||
020 _a8401461154
082 _a800/C553
100 _aChildress, Mark
245 0 _aLocos en Alabama
250 _a1ra.ed.
264 _bPlaza James Editores
942 _cLIB
999 _c28607
_d28607